Quiz na temat FNAF (polski) - Statystyki

Ogólne statystyki
  • Ten quiz został rozwiązany 2 827 razy
  • Średni wynik to 10 z 15
Statystyki odpowiedzi
Zagadnienie Odpowiedź % Poprawnych
jak się nazywa szkielet animatroników? endoskeleton
97%
kto jest springtrapem purple guy
96%
kto to purple guy? morderca małych dzieci xD
95%
czy istnieją minigierki we FNAF tak
93%
jak nazywa się twórca gry? scott cawthon
92%
czemu cię atakują? bo myślą że jesteś purple guy'em
89%
ile czasu trwa jedna noc w FNAF'ie od 12 AM do 6 AM
89%
jak nazywają pluszaka Funtime Freddy'ego Bon bon
86%
co się dzieje pod koniec FNAF SL poświęciliśmy się dla enarda i pozwalamy mu wejść do nas aby enard był wolny
74%
jak się nazywają pomocnice ballory? minireeny
69%
od kogo są oryginalne piosenki FNAFA? The Living Tombstone
67%
co chica gubi we FNAF 2? dziób i oczy
41%
jaki jest błąd w nazwie gry? Five Nights at Freddy's no bo jest five nights a powinno być six nights
22%
co robić jeśli we FNAF 2 idzie do ciebie freddy? świece na niego latarką aż pójdzie
12%
jak nazywają się miniaturowe wersje Nightmare Freddy'ego plushtraps
7%
Nie znaleziono quizów pasujących do podanych kryteriów
Rozkład punktacji
Procent ludzi z każdym wynikiem
Percentyl według liczby udzielonych odpowiedzi
Twoja historia wyników
Nie rozwiązałeś tego quizu